000 00782nam a2200217 a 4500
001 000040596
005 20201002034235.0
008 130902s2001 sp 000 0 spa d
020 _a8449202221
040 _aDO-SdBNP
_bspa
_cBNPHU
100 1 _aVillagrá, Gaspar Pérez de
_d1620 -
_966930
245 1 0 _aHistoria de Nuevo México /
_ccapitán Gaspar de Villagrá ; introducción de Luis González Obregón.
250 _a2a. ed.
260 _bImprenta del Museo Nacional,
_c2001.
300 _a412 p. ;
_c22 cm.
490 1 _aCrónicas de América
_v22
504 _aIncluye referencias bibliográficas y notas al pie de las páginas
700 1 _aGonzález Obregón, Luis
_eint.
_966931
700 1 _aBenavides, Alonso de,
_966932
830 0 _aCrónicas de América
_v22
_966933
999 _c40086
_d40086